Die Archivberatung im Kreis Schleswig-Flensburg
| Titel: | Die Archivberatung im Kreis Schleswig-Flensburg |
|---|---|
| Verfasser: | |
| In: |
Verband Schleswig-Holsteinischer Kommunalarchivarinnen und -Archivare: Mitteilungen, (2002), Seite 79-80 alle Artikel anzeigen |
| Veröffentlicht: | 2002 |
| Format: | Aufsatz |
X
alg: 44187468 001A $03036:30-01-19 001B $01999:30-01-19 $t22:55:14.000 001D $03036:30-01-19 001U $0utf8 001X $00 002@ $0Aox 003@ $0441874681 007A $0441874681 $aHEB 007T $0ArchMa03093 011@ $a2002 021A $aDie @Archivberatung im Kreis Schleswig-Flensburg 028A $aSkehr $dUlrike 031A $h79-80 $j2002 039B $aIn $8--Abvc--Verband Schleswig-Holsteinischer Kommunalarchivarinnen und -Archivare [Tb1]. Mitteilungen. - Kiel : VKA, 2000-2011 $x200200000000000921 $9094034893 lok: 44187468 105 exp: 44187468 105 1 #EPN 201B/01 $030-01-19 $t12:50:37.000 201C/01 $030-01-19 201U/01 $0utf8 203@/01 $01042223149 208@/01 $a13-12-18 $be 209A/01 $a/ $f106 $x00 244Z/01 $aSchleswig-Flensburg $x01 245Z/01 $a2.15.02. $bArchivwissenschaft und Archivtheorie / Archivbereiche / Kommunale Archive $x01 245Z/01 $a3.17.01. $bArchivwesen des Bundes- und der deutschen Bundesländer / Schleswig-Holstein / Allgemeines $x02 247C/01 $8->Marburg, Bibliographie zum Archivwesen der Archivschule Marburg $939588196X
| LEADER | 00000caa a22000002c 4500 | ||
|---|---|---|---|
| 001 | 441874681 | ||
| 003 | DE-603 | ||
| 005 | 20190130225514.0 | ||
| 007 | tu | ||
| 008 | 190130s2002 xx |||| | u00||u|und c | ||
| 035 | |a (DE-599)HEB441874681 | ||
| 040 | |a DE-603 |b ger |c DE-603 |d DE-603 | ||
| 100 | 1 | |a Skehr, Ulrike | |
| 245 | 0 | 0 | |a Die Archivberatung im Kreis Schleswig-Flensburg |
| 264 | 0 | |c 2002 | |
| 773 | 0 | 8 | |i In |a Verband Schleswig-Holsteinischer Kommunalarchivarinnen und -Archivare |t Mitteilungen |d Kiel : VKA, 2000-2011 |g (2002), Seite 79-80 |w (DE-603)094034893 |w (DE-600)2026933-X |
| 924 | 0 | |9 - |a (DE-603)1042223149 |b DE- |c HES |d d |g / | |